| 000 | 00605 a2200181 4500 | ||
|---|---|---|---|
| 003 | Nust | ||
| 005 | 20220804132938.0 | ||
| 040 | _cNust | ||
| 082 | _a005.1,SOM | ||
| 100 | _aSommerville, Ian, | ||
| 245 |
_aSoftware engineering / _cIan Sommerville. |
||
| 250 | _a8th ed | ||
| 260 |
_aReading, Mass _bAddison-Wesley Pub. Co. _cc1992. |
||
| 300 | _a781p | ||
| 505 | _aIntroduction (Page-1), Software Specification (Page-45), Software Design (Page-169), Programming Techniques and Tools (Page-287), Software Management (Page-477). | ||
| 650 |
_aSoftware engineering _92256 |
||
| 942 |
_2ddc _cBK _k005.1,SOM |
||
| 999 |
_c209739 _d209739 |
||